000
00274nam a2200097Ia 4500
001
843794
005
20250826173248.0
008
250824s9999 xx 000 0 und d
245
0
_a
KÖPEKLER NEDEN KEDİŞLERDEN NEFRET EDER
_c
SİMONA MEİSSER
260
_b
KIRMIZI KEDİ YAYINLARI
999
_c
843794
_d
843794